LEADER 01093nam a2200229 i 4500 001 000000240430 003 CaOOAMICUS 005 20150327000000.0 008 150327s1962 it u000 u ita u 013 $a219335 040 $aSeMil$bita 245 10$a150 anni di movimento operaio cattolico nell'Europa centro-occidentale (1789-1939) /$ca cura del dr. S. H. Scholl O. Praem. e con xilografie di Frans Masereel. 260 $aPadova :$bGregoriana,$cstampa 1962. 300 $a757 p., [24] c. di tav. di cui 2 ripieg. ;$c24 cm. 500 $aContiene : Bibliografia. 650 4$aMovimento operaio - Europa.$0(OLS)http://semarc/subject/24330 700 1 $aMasereel, Frans.$0(OLS)http://semarc/name/81523 700 1 $aScholl, Servatius Herman.$0(OLS)http://semarc/name/81522 850 $aSeMil 852 $aSeMil$W1$xVenegono$y1$m3N III 100$j190776$B190776$CSeMilBibl$Z2$F201614 $81 996 $6245$a150 anni di movimento operaio cattolico nell'Europa centro-occidentale (1789-1939)$9(OLS)http://semarc/title/341940 996 $6260$aPadova :$bGregoriana$9(OLS)http://semarc/publisher/31482 LEADER 01418nam a2200301 i 4500 001 000000207067 003 CaOOAMICUS 005 20231010142149.0 008 111020s1824 it u000 u ita u 026 $aleo- s-la o,i. DiRe (3) 1824 (R) 040 $aSeMil$bita 100 1 $aParini, Giuseppe,$d<1729-1799>.$0(OLS)http://semarc/name/1284 245 10$aPoesie di Giuseppe Parini. Volume unico. 260 $aMilano :$bPer Nicoḷ Bettoni,$c1824. 300 $aVIII, [8], 303, [1] p. ;$c4°. 490 0 $aClassica biblioteca italiana antica e moderna 500 $aFront. del v. dopo le prime VIII p. 500 $aEx libris L. Gerosa 500 $aNei preliminari altra nota ms. che reca: Marcus Martinelli ... anno MDCCCXXXIX e timbro I.R. Ginnasio di Monza in Milano 500 $aIn fine, 2 carte bianche con scritte e disegnini a matita 650 4$aParini, Giuseppe <729-1799> - Opere.$0(OLS)http://semarc/subject/507 700 1 $aBettoni, Nicoḷ,$c.$0(OLS)http://semarc/name/3818 830 0$aClassica biblioteca italiana antica e moderna.$0(OLS)http://semarc/title/34493 850 $aSeMil 852 $aSeMil$W1$xVenegono$y1$m1L VII 36 FA$j157530$B157530$CSeMilBibl$Z2$F168774 $8I 996 $6245$aPoesie di Giuseppe Parini. Volume unico$9(OLS)http://semarc/title/299454 996 $6260$aMilano :$bPer Nicoḷ Bettoni$9(OLS)http://semarc/publisher/36549